Statistics for Guess the Movie by IMDB Description #4

Click here to take the quiz!

General Stats

  • This quiz has been taken 92 times
  • The average score is 6 of 10

Answer Stats

DescriptionMovie% Correct
An orphaned boy enrolls in a school of wizardry, where he learns the truth about himself, his family and the terrible evil that haunts the magical world.Harry Potter and the Sorcerer's Stone
99%
A kind-hearted street urchin and a power-hungry Grand Vizier vie for a magic lamp that has the power to make their deepest wishes come true.Aladdin
89%
While trying to lead a quiet suburban life, a family of undercover superheroes are forced into action to save the world.The Incredibles
80%
A mentally unstable veteran works as a nighttime taxi driver in New York City, where the perceived decadence and sleaze fuels his urge for violent action.Taxi Driver
68%
A young African-American visits his White girlfriend's parents for the weekend, where his simmering uneasiness about their reception of him eventually reaches a boiling point.Get Out
51%
Fueled by his restored faith in humanity and inspired by Superman's selfless act, Bruce Wayne enlists the help of his new-found ally, Diana Prince, to face an even greater enemy.Justice League
49%
With his wife's disappearance having become the focus of an intense media circus, a man sees the spotlight turned on him when it's suspected that he may not be innocent.Gone Girl
43%
An alien child is evacuated from his dying world and sent to Earth to live among humans. His peace is threatened when other survivors of his home planet invade Earth.Man of Steel
30%
At a top secret research facility in the 1960s, a lonely janitor forms a unique relationship with an amphibious creature that is being held in captivity.The Shape of Water
28%
A family determined to get their young daughter into the finals of a beauty pageant take a cross-country trip in their VW bus.Little Miss Sunshine
26%

Score Distribution

Percentile by Number Answered

Percent of People with Each Score

Your Score History

You have not taken this quiz